ბათუმის შოთა რუსთაველის სახელმწიფო უნივერსიტეტის ბიბლიოთეკა

ქვანახშირის მოპოვების ტექნიკისა და ტექნოლოგიის განვითარების ძირითადი ეტაპები საქართველოში (ბიბ.ჩანაწერი № 52346)

000 -LEADER
fixed length control field 01349nam a2200253Ia 4500
001 - CONTROL NUMBER
control field 19364
003 - CONTROL NUMBER IDENTIFIER
control field GE_BSU
008 - FIXED-LENGTH DATA ELEMENTS--GENERAL INFORMATION
fixed length control field 181216s||||||||xx |||||||||||||| ||und||
040 ## - CATALOGING SOURCE
Transcribing agency GE_BSU
080 ## - UNIVERSAL DECIMAL CLASSIFICATION NUMBER
Universal Decimal Classification number 622.333(479.22)
100 ## - MAIN ENTRY--PERSONAL NAME
Personal name ჭანიშვილი, ვლ.
245 ## - TITLE STATEMENT
Title ქვანახშირის მოპოვების ტექნიკისა და ტექნოლოგიის განვითარების ძირითადი ეტაპები საქართველოში
245 ## - TITLE STATEMENT
Remainder of title (ტყიბულის საბადო)
245 ## - TITLE STATEMENT
Statement of responsibility, etc. რედ:კ.კუჭუხიძე
250 ## - EDITION STATEMENT
Edition statement გ. წულუკიძის სახ. სამთო მექანიკის ინ-ტი.
260 ## - PUBLICATION, DISTRIBUTION, ETC.
Place of publication, distribution, etc. თბილისი
260 ## - PUBLICATION, DISTRIBUTION, ETC.
Name of publisher, distributor, etc. მეცნიერება
260 ## - PUBLICATION, DISTRIBUTION, ETC.
Date of publication, distribution, etc. 1980
300 ## - PHYSICAL DESCRIPTION
Extent 227გვ;ილ;21სმ.
653 ## - INDEX TERM--UNCONTROLLED
Uncontrolled term ინჟინერია
653 ## - INDEX TERM--UNCONTROLLED
Uncontrolled term ქვანახშირის მოპოვება საქართველოში
653 ## - INDEX TERM--UNCONTROLLED
Uncontrolled term ქვანახშირის მოპოვების ტექნიკისა და ტექნოლოგიის განვითარების ძირითადი ეტაპები საქართველოში
942 ## - ADDED ENTRY ELEMENTS (KOHA)
Koha item type წიგნი
ეგზემპლარები
Withdrawn status Lost status Damaged status Not for loan Date acquired Barcode Date last seen Price effective from Koha item type
        2018-12-17 48200 2018-12-17 2018-12-17 წიგნი